| 000 | 01646cad a22002175a 4500 | ||
|---|---|---|---|
| 001 | L152929 | ||
| 008 | 110517s2011 xxk f 000 0 eng d | ||
| 035 | _a(Sirsi) u152929 | ||
| 041 | 0 | _aeng | |
| 050 | 0 | 4 | _a306.1 $2 18 |
| 100 | 1 | _aStephens, Mark | |
| 245 | 0 | 0 |
_aTackling housing market activity in the UK _h[electronic resource] |
| 260 |
_aYork _bJoseph Rowntree Foundation _c2011 |
||
| 505 | 2 | _aPreface -- Executive summary -- Introduction -- The UK housing system -- Tackling volatility in the long run housing supply -- Tackling housing market volatility in the short run -- Protecting owners from the consequences of volatility -- Developing alternatives to ownership -- summary and conclusions -- Notes -- References | |
| 520 | _aJoseph Rowntree Foundation (JRF) Housing Market Taskforce outlines its recommendations for reducing housing market volatility in the UK. Volatility in the housing market is regarded as a key factor in driving boom and bust property cycles in the UK. Recommendations include improving housing supply to limit volatility in the long run, using credit controls and reforming taxation to limit volatility in the short run, promoting financial capability among borrowers and responsible lending combined with an improved safety net to limit mortgage arrears and repossessions. Alternatives to home-ownership are also considered. | ||
| 590 | _aKA NTK | ||
| 651 | 4 | _aUNITED KINGDOM | |
| 690 | _aPROPERTY-RESIDENTIAL PROPERTY-RESIDENTIAL PROPERTY MARKET | ||
| 856 | 4 | 0 |
_uhttps://www.jrf.org.uk/sites/files/jrf/housing-markets-volatility-full.pdf _zView the item free of charge at www.jrf.org.uk |
| 942 | _n0 | ||
| 999 |
_c112271 _d112271 |
||